Miasta w Stanie Nowy Meksyk - nagła śmierć - Statystyki

Ogólne statystyki
  • Ten quiz został rozwiązany 19 razy
  • Średni wynik to 8 z 15
Answers on the Grid
Answers color-coded by a green-red scale on the quiz's grid according to % correct below.
Albuquerque
Las Cruces
Rio Rancho
Santa Fe
Roswell
Farmington
Hobbs
Clovis
Carlsbad
Alamogordo
Gallup
Los Lunas
Sunland Park
Deming
Las Vegas
Houston
San Antonio
Buffalo
Salt Lake City
Rochester
Boise
Denver
Aurora
Cleveland
 
Statystyki odpowiedzi
Odpowiedź % Poprawnych
Albuquerque
77%
Los Lunas
77%
Santa Fe
69%
Alamogordo
62%
Rio Rancho
62%
Carlsbad
54%
Hobbs
54%
Roswell
54%
Clovis
46%
Farmington
46%
Gallup
46%
Las Cruces
46%
Sunland Park
46%
Deming
38%
Las Vegas
15%
Nie znaleziono quizów pasujących do podanych kryteriów
Rozkład punktacji
Procent ludzi z każdym wynikiem
Percentyl według liczby udzielonych odpowiedzi
Twoja historia wyników
Nie rozwiązałeś tego quizu